000 00661nam a2200217 a 4500
001 50028
003 BD-RjUL
005 20211209075439.0
008 160823m19361950enk 000 1 eng d
035 _a(BD-RjUL)50148
040 _aEQO
_cEQO
_beng
_dBD-RjUL
041 _aeng
082 _223
_a398.21
_bTUT 1950
245 0 4 _aThe teacher's omnibus of stories to tell /
_ccompiled and ed. by E.L. Turnbull.
260 _aLondon :
_bGeoffrey cumberlege,
_c1936, [Reprinted 1938,1942,1944,1945,1948,1950]
300 _a317 p.
_c16 cm.
650 _aFolklore
_9149934
650 _aFairy tales
_9149935
700 1 _aTurnbull, E. L.
_9149936
942 _2ddc
_cBK
999 _c50028
_d50028